Cyclodextrins and their complexes

Na minha lista:
Detalhes bibliográficos
Formato: Livro
Idioma:Undetermined
Publicado em: Weinheim Wily-VCH Verlag GmbH & KGaA 2006
Assuntos:
Tags: Adicionar Tag
Sem tags, seja o primeiro a adicionar uma tag!
Thư viện lưu trữ: Trung tâm Học liệu Trường Đại học Cần Thơ
LEADER 00488nam a2200181Ia 4500
001 CTU_123463
008 210402s9999 xx 000 0 und d
020 |c 3040000 
082 |a 547.7815 
082 |b C995 
245 0 |a Cyclodextrins and their complexes 
245 0 |c Edited by Helena Dodziuk 
260 |a Weinheim 
260 |b Wily-VCH Verlag GmbH & KGaA 
260 |c 2006 
650 |a Cyclodextrins. 
904 |i Minh 
980 |a Trung tâm Học liệu Trường Đại học Cần Thơ